[Event "Montevideo op 8th"]
[Site "Montevideo"]
[Date "2025.02.05"]
[Round "6"]
[White "Coppola, Claudio"]
[Black "Villca, Julian"]
[Result "1-0"]
[WhiteElo "2220"]
[BlackElo "2413"]
[PlyCount "63"]
[EventDate "2025.01.31"]
[EventType "swiss"]
[EventRounds "9"]
[EventCountry "URU"]
[SourceTitle "CB08_2025"]
[SourceDate "2025.02.19"]
[SourceVersion "1"]
[SourceVersionDate "2025.02.19"]
[SourceQuality "1"]

1. e4 e5 2. Nf3 Nc6 3. Bc4 Bc5 4. c3 Nf6 5. d3 a5 6. 0-0 d6 7. Nbd2 0-0 8. h3 Ba7 9. Re1 Be6 10. Bb5 Ne7 11. d4 c6 12. Bd3 Ng6 13. Nf1 Nh5 14. Ne3 Nhf4 15. Bc2 h6 16. Nf5 exd4 17. N3xd4 Bxd4 18. Qxd4 Bxf5 19. exf5 Qg5 20. g3 Ne5 21. Qxf4 Qxf4 22. Bxf4 Nf3+ 23. Kf1 Nxe1 24. Rxe1 Rfe8 25. Rxe8+ Rxe8 26. Bxd6 Rd8 27. Bf4 Rd5 28. c4 Rd4 29. b3 Rd7 30. h4 a4 31. bxa4 Kf8 32. f6 1-0

[Event "Titled Tuesday intern op 14th Jan Early"]
[Site "Chess.com INT"]
[Date "2025.01.14"]
[Round "11"]
[White "Coppola, Claudio"]
[Black "Kiseljova, Marya"]
[Result "0-1"]
[WhiteElo "2220"]
[BlackElo "2031"]
[PlyCount "58"]
[EventDate "2025.01.14"]
[EventType "swiss (blitz)"]
[EventRounds "11"]
[EventCountry "USA"]
[SourceTitle "CB04_2025"]
[SourceDate "2025.01.22"]
[SourceVersion "1"]
[SourceVersionDate "2025.01.22"]
[SourceQuality "1"]

1. b3 Nf6 2. Bb2 e6 3. e3 b6 4. f4 Bb7 5. Nf3 Be7 6. Be2 d6 7. 0-0 Nbd7 8. Qe1 c5 9. Qg3 Qc7 10. Qxg7 Rg8 11. Qh6 0-0-0 12. Nc3 Rg6 13. Qh3 Rdg8 14. g3 Ng4 15. Qg2 Nxh2 16. Kxh2 Bh4 17. Nxh4 Bxg2 18. Nxg2 Rxg3 19. Bf3 f5 20. a4 a5 21. Nb5 Qd8 22. Na7+ Kc7 23. Rf2 d5 24. c4 Qf8 25. Nb5+ Kc6 26. cxd5+ exd5 27. d4 Qh6+ 28. Kg1 Qh3 29. Kf1 Rxf3 0-1

[Event "Titled Tuesday intern op 14th Jan Early"]
[Site "Chess.com INT"]
[Date "2025.01.14"]
[Round "9"]
[White "Fuentes, Agustin"]
[Black "Coppola, Claudio"]
[Result "1-0"]
[WhiteElo "2088"]
[BlackElo "2220"]
[PlyCount "95"]
[EventDate "2025.01.14"]
[EventType "swiss (blitz)"]
[EventRounds "11"]
[EventCountry "USA"]
[SourceTitle "CB04_2025"]
[SourceDate "2025.01.22"]
[SourceVersion "1"]
[SourceVersionDate "2025.01.22"]
[SourceQuality "1"]

1. e4 c5 2. Nf3 d6 3. d4 cxd4 4. Qxd4 Nc6 5. Qe3 Nf6 6. h3 g6 7. Be2 Bg7 8. 0-0 0-0 9. Rd1 Bd7 10. c4 Rc8 11. Nc3 a6 12. Rb1 Qa5 13. a3 Ne5 14. b4 Nxf3+ 15. Qxf3 Qc7 16. Bf4 Nh5 17. Bh2 Qc6 18. Qd3 Be6 19. Nd5 Rfe8 20. Bxh5 gxh5 21. Rbc1 b5 22. Bf4 bxc4 23. Qg3 Kh8 24. Qg5 c3 25. Nxe7 Rxe7 26. Qxe7 Qxe4 27. Rxd6 Rg8 28. Bg5 Qg6 29. Rd8 h6 30. Be3 Bxh3 31. g3 h4 32. Rxg8+ Kxg8 33. Qxh4 Bf5 34. Qd8+ Kh7 35. Bd4 c2 36. Bxg7 Qxg7 37. Qd5 Qg6 38. Qd2 Be4 39. Re1 Qf5 40. Qe3 Bd5 41. Rc1 f6 42. Qd2 Be4 43. Qe3 Bd5 44. Re1 Kg6 45. Qe8+ Bf7 46. Qe3 Bd5 47. Rc1 Qh3 48. Qd3+ 1-0

[Event "Colonia del Sacramento 4th"]
[Site "Colonia del Sacramento"]
[Date "2024.12.10"]
[Round "6"]
[White "Coppola, Claudio"]
[Black "Villegas, Franco"]
[Result "0-1"]
[WhiteElo "2212"]
[BlackElo "2326"]
[PlyCount "46"]
[EventDate "2024.12.07"]
[EventType "tourn"]
[EventRounds "9"]
[EventCountry "URU"]
[EventCategory "2"]
[SourceTitle "CB04_2025"]
[SourceDate "2025.01.22"]
[SourceVersion "1"]
[SourceVersionDate "2025.01.22"]
[SourceQuality "1"]

1. b3 Nf6 2. Bb2 g6 3. e4 Bg7 4. g3 0-0 5. Bg2 d6 6. d4 e5 7. d5 Na6 8. c4 Nc5 9. b4 Ncxe4 10. f3 Ng5 11. h4 Nh5 12. g4 e4 13. Bxg7 exf3 14. Bxf8 fxg2 15. Rh2 Qf6 16. Rxg2 Nf4 17. Rf2 Ne4 18. g5 Nd3+ 19. Ke2 Qxf2+ 20. Kxd3 Bf5 21. Bh6 Re8 22. c5 Nd2+ 23. Kc3 Re3+ 0-1

[Event "Colonia del Sacramento 4th"]
[Site "Colonia del Sacramento"]
[Date "2024.12.09"]
[Round "4"]
[White "Coppola, Claudio"]
[Black "Larrea, Manuel"]
[Result "1-0"]
[WhiteElo "2212"]
[BlackElo "2259"]
[PlyCount "101"]
[EventDate "2024.12.07"]
[EventType "tourn"]
[EventRounds "9"]
[EventCountry "URU"]
[EventCategory "2"]
[SourceTitle "CB04_2025"]
[SourceDate "2025.01.22"]
[SourceVersion "1"]
[SourceVersionDate "2025.01.22"]
[SourceQuality "1"]

1. e4 c5 2. Nc3 Nc6 3. Bb5 Nd4 4. Nf3 Nxb5 5. Nxb5 g6 6. d4 Bg7 7. 0-0 cxd4 8. e5 a6 9. Nbxd4 d6 10. Bf4 dxe5 11. Bxe5 Bxe5 12. Nxe5 Nf6 13. Qd2 0-0 14. Rad1 Qc7 15. Qe2 b5 16. Nec6 Re8 17. Rfe1 Bb7 18. Qe5 Qxe5 19. Rxe5 e6 20. Nb4 Rad8 21. c3 Ne4 22. Nxa6 f6 23. Rxe4 Bxe4 24. Re1 e5 25. Nxb5 Bd3 26. a4 Bc2 27. a5 Bd3 28. Nac7 Bxb5 29. Nxb5 Rd2 30. b4 Red8 31. a6 Ra2 32. a7 Kf7 33. g4 h5 34. g5 h4 35. Kg2 Rdd2 36. Rf1 fxg5 37. Kf3 Ke7 38. Ke4 Kd7 39. Kxe5 Kc6 40. c4 Re2+ 41. Kf6 Rxf2+ 42. Rxf2 Rxf2+ 43. Kxg5 Kb7 44. c5 Rc2 45. Kxh4 Rc4+ 46. Kg3 Rxb4 47. c6+ Ka8 48. c7 Rc4 49. h4 Rc5 50. Kg4 Kb7 51. c8Q+ 1-0

[Event "Olympiad-45"]
[Site "Budapest"]
[Date "2024.09.18"]
[Round "7.4"]
[White "Draskovic, Luka"]
[Black "Coppola, Claudio"]
[Result "1-0"]
[WhiteElo "2497"]
[BlackElo "2286"]
[PlyCount "65"]
[EventDate "2024.09.11"]
[EventType "team-swiss"]
[EventRounds "11"]
[EventCountry "HUN"]
[SourceTitle "EXT 2025"]
[Source "ChessBase"]
[SourceDate "2024.10.14"]
[SourceVersion "1"]
[SourceVersionDate "2024.10.14"]
[SourceQuality "1"]
[WhiteTeam "Montenegro"]
[BlackTeam "Uruguay"]
[WhiteTeamCountry "MNE"]
[BlackTeamCountry "URU"]

1. Nf3 d5 2. g3 Nc6 3. d4 Bf5 4. Bg2 Nb4 5. Na3 e6 6. c3 Nc6 7. Qb3 a6 8. 0-0 Nf6 9. Bg5 Na5 10. Qd1 h6 11. Bxf6 gxf6 12. Nb1 b5 13. Nbd2 c6 14. Re1 Bg7 15. e4 Bh7 16. e5 f5 17. a4 0-0 18. b4 Nb7 19. Qe2 Qd7 20. Bf1 Rfc8 21. a5 Qe7 22. Qe3 Kh8 23. Bd3 Rg8 24. Kh1 Bg6 25. Rg1 Bh5 26. h3 Raf8 27. g4 fxg4 28. hxg4 Bg6 29. g5 hxg5 30. Nxg5 Bh6 31. Qh3 Kg7 32. Nxe6+ Qxe6 33. Qxe6 1-0

[Event "Olympiad-45"]
[Site "Budapest"]
[Date "2024.09.14"]
[Round "4.40"]
[White "Coppola, Claudio"]
[Black "Moayad, Anas"]
[Result "0-1"]
[WhiteElo "2286"]
[BlackElo "2016"]
[PlyCount "156"]
[EventDate "2024.09.11"]
[EventType "team-swiss"]
[EventRounds "11"]
[EventCountry "HUN"]
[SourceTitle "EXT 2025"]
[Source "ChessBase"]
[SourceDate "2024.10.14"]
[SourceVersion "1"]
[SourceVersionDate "2024.10.14"]
[SourceQuality "1"]
[WhiteTeam "Uruguay"]
[BlackTeam "Morocco"]
[WhiteTeamCountry "URU"]
[BlackTeamCountry "MAR"]

1. d4 Nf6 2. c4 e6 3. g3 c5 4. Nf3 cxd4 5. Nxd4 d5 6. Bg2 e5 7. Nf3 d4 8. 0-0 Nc6 9. e3 Be7 10. exd4 exd4 11. Bf4 0-0 12. Ne5 Nxe5 13. Bxe5 Bc5 14. b4 Bxb4 15. Qxd4 Qxd4 16. Bxd4 Rd8 17. Bc3 Bxc3 18. Nxc3 Be6 19. Rfb1 Rac8 20. Rxb7 Rxc4 21. Nd1 a5 22. Ne3 Rcd4 23. Ra7 a4 24. Bc6 Bd7 25. Bxd7 R8xd7 26. Rc1 g6 27. Ra5 Rb4 28. a3 Rb2 29. Rxa4 Ra2 30. Rc2 Ra1+ 31. Kg2 Kg7 32. Rb2 h5 33. h3 Rd3 34. Nc2 Rc1 35. Ra7 Ne8 36. Ne3 Ra1 37. Rb8 Nd6 38. Rd8 Nb5 39. Rxd3 Nxa7 40. Nc2 Ra2 41. Nd4 Kf6 42. Kf3 Nc8 43. Nb5 Ke7 44. Rc3 Kd8 45. Rb3 Kd7 46. Nc3 Rc2 47. a4 Kc6 48. a5 Rc1 49. Na2 Ra1 50. Rb2 Rd1 51. Rc2+ Kd7 52. Ke3 Rb1 53. Nc3 Rb7 54. Ne4 Ra7 55. Rc5 f5 56. Nd2 Nd6 57. Kf4 Nb7 58. Rb5 Nd6 59. Rc5 Nb7 60. Re5 Nxa5 61. Kg5 Nc6 62. Re3 Ne7 63. Nf3 Ra6 64. Ne5+ Ke8 65. Rb3 Kf8 66. Rb8+ Kg7 67. Rb7 Kf8 68. f4 Re6 69. Rb8+ Kg7 70. Re8 Kh7 71. Nc6 Rxc6 72. Rxe7+ Kg8 73. Kh6 Kf8 74. Rg7 g5+ 75. Rg6 Rxg6+ 76. Kxg6 h4 77. fxg5 hxg3 78. Kxf5 g2 0-1

[Event "Olympiad-45"]
[Site "Budapest"]
[Date "2024.09.13"]
[Round "3.38"]
[White "Ortiz, Marcos"]
[Black "Coppola, Claudio"]
[Result "1/2-1/2"]
[WhiteElo "2191"]
[BlackElo "2286"]
[PlyCount "144"]
[EventDate "2024.09.11"]
[EventType "team-swiss"]
[EventRounds "11"]
[EventCountry "HUN"]
[SourceTitle "EXT 2025"]
[Source "ChessBase"]
[SourceDate "2024.10.14"]
[SourceVersion "1"]
[SourceVersionDate "2024.10.14"]
[SourceQuality "1"]
[WhiteTeam "Nicaragua"]
[BlackTeam "Uruguay"]
[WhiteTeamCountry "NCA"]
[BlackTeamCountry "URU"]

1. e4 c5 2. Nf3 d6 3. d4 cxd4 4. Nxd4 Nf6 5. Bb5+ Bd7 6. c4 e5 7. Nb3 a6 8. Bxd7+ Nbxd7 9. Be3 Nxe4 10. Qd5 Ndf6 11. Qxb7 Qc8 12. Qxc8+ Rxc8 13. f3 Rxc4 14. fxe4 Rxe4 15. Kd2 d5 16. Nc3 Rg4 17. Rae1 Rxg2+ 18. Kc1 Bd6 19. Bf4 Ng4 20. Nxd5 Nf2 21. Rhf1 Nd3+ 22. Kb1 Nxe1 23. Rxe1 0-0 24. Bg3 f5 25. Ne3 Rxg3 26. hxg3 e4 27. g4 Bb4 28. Rf1 f4 29. Nd5 Bd6 30. Nd4 f3 31. Nf5 Bc5 32. Nc3 g6 33. Nh6+ Kg7 34. Nxe4 Be7 35. g5 Rf4 36. Nf2 Bxg5 37. Nhg4 h5 38. Ne5 Bf6 39. Ned3 Rf5 40. Ne4 Bd4 41. Kc2 h4 42. Ndf2 g5 43. Kd3 Bb6 44. Ng4 Rf4 45. Ne3 g4 46. Nd5 g3 47. Nxf4 g2 48. Rd1 g1Q 49. Rxg1+ Bxg1 50. Nh3 Bb6 51. Nd2 f2 52. Ke2 Bd4 53. b3 Kg6 54. Nf3 Bf6 55. Nxf2 Kf5 56. Ke3 Bd8 57. Nd4+ Kg6 58. Kf3 Bb6 59. Ne2 Kf5 60. Ne4 Ke5 61. Nd2 Bd8 62. Kg4 Kd5 63. Kf5 Kc5 64. a3 h3 65. Nf3 Bc7 66. Nf4 h2 67. Nxh2 Kd4 68. Ne6+ Kc3 69. Nc5 Bxh2 70. b4 Kb2 71. Nxa6 Kxa3 72. b5 Ka4 1/2-1/2

[Event "San Cristobal de La Laguna op-A 6th"]
[Site "San Cristobal de La Laguna"]
[Date "2024.08.31"]
[Round "9"]
[White "Perez Perez, Alejandro"]
[Black "Coppola, Claudio"]
[Result "1-0"]
[WhiteElo "2021"]
[BlackElo "2286"]
[PlyCount "60"]
[EventDate "2024.08.24"]
[EventType "swiss"]
[EventRounds "9"]
[EventCountry "ESP"]
[SourceTitle "CBM 221 Extra"]
[Source "ChessBase"]
[SourceDate "2024.09.30"]
[SourceVersion "1"]
[SourceVersionDate "2024.09.30"]
[SourceQuality "1"]

1. d4 d5 2. c4 c6 3. Nf3 Nf6 4. Qc2 dxc4 5. Qxc4 Bf5 6. g3 e6 7. Bg2 Be7 8. 0-0 0-0 9. e3 Nbd7 10. Nc3 Rc8 11. Qe2 b5 12. e4 Bg6 13. e5 Ne8 14. Rd1 Nb6 15. Ne1 b4 16. Ne4 Nc7 17. h4 Nb5 18. h5 Nxd4 19. Rxd4 Qxd4 20. hxg6 hxg6 21. Bg5 Bxg5 22. Nxg5 Rfd8 23. Bh3 Qd2 24. Qg4 Qxb2 25. Qf3 Rc7 26. Nxf7 Re8 27. Rd1 Nd5 28. Nd3 Qxa2 29. Nxb4 Nxb4 30. Rd4 Rce7 1-0

[Event "San Cristobal de La Laguna op-A 6th"]
[Site "San Cristobal de La Laguna"]
[Date "2024.08.27"]
[Round "5"]
[White "Fiorito, Joaquin"]
[Black "Coppola, Claudio"]
[Result "1-0"]
[WhiteElo "2403"]
[BlackElo "2286"]
[PlyCount "67"]
[EventDate "2024.08.24"]
[EventType "swiss"]
[EventRounds "9"]
[EventCountry "ESP"]
[SourceTitle "CBM 221 Extra"]
[Source "ChessBase"]
[SourceDate "2024.09.30"]
[SourceVersion "1"]
[SourceVersionDate "2024.09.30"]
[SourceQuality "1"]

1. d4 d5 2. c4 c6 3. Nf3 Nf6 4. Nc3 dxc4 5. a4 Bf5 6. Ne5 e6 7. f3 Bb4 8. e4 Bxe4 9. fxe4 Nxe4 10. Bd2 Qxd4 11. Nxe4 Qxe4+ 12. Qe2 Bxd2+ 13. Kxd2 Qd5+ 14. Ke1 Qa5+ 15. Kf2 Qb6+ 16. Qe3 Qxb2+ 17. Be2 b6 18. Rhb1 Qc2 19. Qf4 f6 20. Nxc4 0-0 21. Ne3 Qg6 22. Rd1 e5 23. Qb4 Qe8 24. Qd6 Kh8 25. Qc7 Qc8 26. Qe7 Re8 27. Bg4 Rxe7 28. Bxc8 g6 29. Rd8+ Kg7 30. Ba6 f5 31. Rad1 f4 32. Nc4 e4 33. Nd6 e3+ 34. Ke1 1-0

[Event "San Cristobal de La Laguna op-A 6th"]
[Site "San Cristobal de La Laguna"]
[Date "2024.08.25"]
[Round "3"]
[White "Bethencourt Hernandez, Alberto"]
[Black "Coppola, Claudio"]
[Result "0-1"]
[WhiteElo "2033"]
[BlackElo "2286"]
[PlyCount "62"]
[EventDate "2024.08.24"]
[EventType "swiss"]
[EventRounds "9"]
[EventCountry "ESP"]
[SourceTitle "CBM 221 Extra"]
[Source "ChessBase"]
[SourceDate "2024.09.30"]
[SourceVersion "1"]
[SourceVersionDate "2024.09.30"]
[SourceQuality "1"]

1. e4 e5 2. Nf3 Nc6 3. Bc4 Bc5 4. c3 Nf6 5. d3 a6 6. Bb3 Ba7 7. Nbd2 d6 8. h3 h6 9. Nf1 Be6 10. Ng3 Qd7 11. Bc2 0-0-0 12. Qe2 d5 13. b4 d4 14. Bd2 dxc3 15. Bxc3 Nd4 16. Nxd4 Bxd4 17. Qd2 h5 18. Ne2 Bb6 19. Qg5 Rde8 20. Qxg7 Qe7 21. Qg5 Rhg8 22. Qxe5 Nd7 23. Qh2 f5 24. f3 fxe4 25. fxe4 Ref8 26. Nf4 Qh4+ 27. g3 Rxg3 28. 0-0-0 Qxf4+ 29. Kb1 Rxh3 30. Qg2 Rxh1 31. Rxh1 Bg4 0-1

[Event "URU-ch 94th"]
[Site "Montevideo"]
[Date "2024.03.30"]
[Round "11"]
[White "Dominguez, Facundo"]
[Black "Coppola, Claudio"]
[Result "1-0"]
[WhiteElo "2111"]
[BlackElo "2271"]
[PlyCount "115"]
[EventDate "2024.03.23"]
[EventType "tourn"]
[EventRounds "11"]
[EventCountry "URU"]
[SourceTitle "CBM 219 Extra"]
[Source "ChessBase"]
[SourceDate "2024.05.31"]
[SourceVersion "1"]
[SourceVersionDate "2024.05.31"]
[SourceQuality "1"]

1. e4 c5 2. Nf3 d6 3. c3 Nf6 4. h3 Bd7 5. Bd3 Bc6 6. Qe2 Nh5 7. Qe3 e5 8. 0-0 Be7 9. Bc2 Qc7 10. d4 0-0 11. Nbd2 cxd4 12. cxd4 Nf4 13. Bb3 Bb5 14. Re1 Nd7 15. Nf1 Rac8 16. g3 Ne6 17. Bd2 Nxd4 18. Nxd4 exd4 19. Qxd4 Nc5 20. Ne3 Bf6 21. Qb4 Bc6 22. Bc2 g6 23. Ng4 Bg7 24. Bc3 Na6 25. Qc4 Bd7 26. Qxc7 Rxc7 27. Bxg7 Kxg7 28. Bd3 Nb4 29. Bf1 Bxg4 30. hxg4 Rc2 31. Re2 Rfc8 32. a3 Na6 33. Rxc2 Rxc2 34. Bxa6 bxa6 35. Rd1 Rxb2 36. Rxd6 Rb6 37. Rd3 Kf6 38. f4 Ke6 39. Kf2 Rc6 40. g5 Rc4 41. Ke3 a5 42. g4 a4 43. f5+ Ke7 44. Kf4 Rc5 45. Rd4 Ra5 46. Rd5 Ra6 47. Ke5 Ke8 48. Rd6 Ra5+ 49. Kf6 Rc5 50. Ra6 Rc4 51. Rxa7 Rxe4 52. Rxf7 Rxg4 53. Rxh7 gxf5 54. g6 f4 55. Re7+ Kd8 56. Re4 Kd7 57. g7 Kc7 58. Kf7 1-0

[Event "URU-ch 94th"]
[Site "Montevideo"]
[Date "2024.03.28"]
[Round "8"]
[White "Carbone, Diego"]
[Black "Coppola, Claudio"]
[Result "1-0"]
[WhiteElo "2278"]
[BlackElo "2271"]
[PlyCount "51"]
[EventDate "2024.03.23"]
[EventType "tourn"]
[EventRounds "11"]
[EventCountry "URU"]
[SourceTitle "CBM 219 Extra"]
[Source "ChessBase"]
[SourceDate "2024.05.31"]
[SourceVersion "1"]
[SourceVersionDate "2024.05.31"]
[SourceQuality "1"]

1. d4 Nf6 2. c4 c5 3. d5 b5 4. cxb5 a6 5. e3 Bb7 6. Nc3 Qa5 7. Bd2 axb5 8. Bxb5 Qb6 9. Nf3 Nxd5 10. a4 e6 11. 0-0 Nb4 12. e4 N8c6 13. Bf4 Be7 14. Ne5 Qd8 15. Qg4 Bf6 16. Nc4 Na5 17. Nd6+ Kf8 18. Qh5 Qe7 19. Qxc5 e5 20. Be3 Nc2 21. Nd5 Bxd5 22. Qxd5 Rb8 23. Bc5 Kg8 24. Nb7 d6 25. Nxa5 dxc5 26. Nc6 1-0

[Event "URU-ch 94th"]
[Site "Montevideo"]
[Date "2024.03.26"]
[Round "5"]
[White "Coppola, Claudio"]
[Black "Rodriguez Vila, Andres"]
[Result "1-0"]
[WhiteElo "2271"]
[BlackElo "2419"]
[PlyCount "94"]
[EventDate "2024.03.23"]
[EventType "tourn"]
[EventRounds "11"]
[EventCountry "URU"]
[SourceTitle "CBM 219 Extra"]
[Source "ChessBase"]
[SourceDate "2024.05.31"]
[SourceVersion "1"]
[SourceVersionDate "2024.05.31"]
[SourceQuality "1"]

1. d4 c5 2. d5 g6 3. e4 Bg7 4. Nf3 d6 5. Bb5+ Bd7 6. a4 Nf6 7. Nc3 0-0 8. 0-0 Na6 9. Re1 Nc7 10. Bf1 a6 11. a5 Nb5 12. Nxb5 axb5 13. e5 Ne8 14. Bd2 Nc7 15. Bf4 Bg4 16. h3 Bxf3 17. Qxf3 c4 18. b3 cxb3 19. Qxb3 e6 20. Bg3 dxe5 21. Bxe5 Bxe5 22. Rxe5 Qd6 23. Ree1 Qxd5 24. Qxd5 exd5 25. Re7 Rfc8 26. Rd7 b6 27. a6 Nxa6 28. Rxd5 Rxc2 29. Bxb5 Rb2 30. Rxa6 Rc8 31. Ra1 Rcc2 32. Rf1 Kg7 33. Bd3 Rd2 34. Rb5 Rxb5 35. Bxb5 Rb2 36. Bd3 Rd2 37. Be4 f5 38. Bf3 Rb2 39. Rc1 Kf6 40. g3 b5 41. Rc7 b4 42. Rxh7 Ke5 43. Rg7 b3 44. Rxg6 Rb1+ 45. Kg2 b2 46. Rb6 Kd4 47. Bh5 Kd5 1-0

[Event "URU-ch 94th"]
[Site "Montevideo"]
[Date "2024.03.23"]
[Round "1"]
[White "Coppola, Claudio"]
[Black "Larrea, Manuel"]
[Result "1-0"]
[WhiteElo "2271"]
[BlackElo "2249"]
[PlyCount "103"]
[EventDate "2024.03.23"]
[EventType "tourn"]
[EventRounds "11"]
[EventCountry "URU"]
[SourceTitle "CBM 219 Extra"]
[Source "ChessBase"]
[SourceDate "2024.05.31"]
[SourceVersion "1"]
[SourceVersionDate "2024.05.31"]
[SourceQuality "1"]

1. d4 Nf6 2. c4 g6 3. Nc3 Bg7 4. e4 d6 5. Nf3 0-0 6. Be2 e5 7. 0-0 Nc6 8. d5 Ne7 9. b4 Nh5 10. Re1 f5 11. Ng5 Nf6 12. Bf3 c6 13. dxc6 bxc6 14. exf5 gxf5 15. b5 e4 16. Be2 Ng4 17. Qb3 e3 18. Bxe3 Nxe3 19. fxe3 Bh6 20. h4 Ng6 21. Bf3 Nxh4 22. Bxc6 Qxg5 23. Bxa8 Be6 24. Bc6 d5 25. Re2 Nf3+ 26. Kf2 dxc4 27. Qa3 Ne5 28. Bd5 Ng4+ 29. Kg1 Qf6 30. Qd6 Bxd5 31. Qxd5+ Kh8 32. Rc1 Rd8 33. Qf3 Rd3 34. Nd5 Qe5 35. Nf4 Rxe3 36. Qa8+ Kg7 37. Qxa7+ Kg8 38. Qa8+ Kg7 39. Qb7+ Kg8 40. Qc8+ Kg7 41. Qb7+ Kg8 42. Qa8+ Kg7 43. Qa7+ Kg8 44. Rxe3 Nxe3 45. Qa8+ Kg7 46. Qb7+ Kg8 47. Qc8+ Kg7 48. Qd7+ Kf6 49. Qc6+ Kg5 50. g3 Bf8 51. b6 Bc5 52. Qxc5 1-0

[Event "Montevideo Duchamp Cup 7th"]
[Site "Montevideo"]
[Date "2024.02.07"]
[Round "7"]
[White "Avedisian, Alexander"]
[Black "Coppola, Claudio"]
[Result "0-1"]
[WhiteElo "1866"]
[BlackElo "2272"]
[PlyCount "34"]
[EventDate "2024.02.01"]
[EventType "swiss"]
[EventRounds "9"]
[EventCountry "URU"]
[SourceTitle "CBM 218 Extra"]
[Source "ChessBase"]
[SourceDate "2024.03.31"]
[SourceVersion "1"]
[SourceVersionDate "2024.03.31"]
[SourceQuality "1"]

1. Nf3 b6 2. g3 Bb7 3. Bg2 e6 4. 0-0 f5 5. d3 Nf6 6. a4 a5 7. e4 fxe4 8. Ng5 Bc5 9. Nxe4 Nxe4 10. dxe4 0-0 11. Nd2 Ba6 12. c4 Nc6 13. Qe2 Qe7 14. e5 Bd4 15. Nb3 Qb4 16. Be4 Bxc4 17. Qh5 Bxb3 0-1

[Event "Florianopolis op 10th"]
[Site "Florianopolis"]
[Date "2024.01.27"]
[Round "9"]
[White "Da Silva, Lucas Pereira Mende"]
[Black "Coppola, Claudio"]
[Result "0-1"]
[WhiteElo "1974"]
[BlackElo "2250"]
[PlyCount "82"]
[EventDate "2024.01.20"]
[EventType "swiss"]
[EventRounds "10"]
[EventCountry "BRA"]
[SourceTitle "CBM 218 Extra"]
[Source "ChessBase"]
[SourceDate "2024.03.31"]
[SourceVersion "1"]
[SourceVersionDate "2024.03.31"]
[SourceQuality "1"]

1. e4 c5 2. Nf3 d6 3. d4 cxd4 4. Nxd4 Nf6 5. Nc3 g6 6. Be2 Bg7 7. Be3 a6 8. f4 Nbd7 9. Nb3 0-0 10. a4 Qc7 11. 0-0 b6 12. g4 Bb7 13. Bf3 Rfc8 14. g5 Ne8 15. Nd4 e5 16. Nde2 exf4 17. Nxf4 Bxc3 18. bxc3 Qxc3 19. Bd4 Qxc2 20. Qe1 Ne5 21. Bg2 Rc4 22. Rd1 Qxa4 23. Ne2 Qc6 24. Qf2 Qc7 25. Bxb6 Ng4 26. Bxc7 Nxf2 27. Rxf2 Rxc7 28. Nd4 Rac8 29. Rdf1 a5 30. Bh3 Ba6 31. Bxc8 Bxf1 32. Bg4 Bc4 33. Rb2 Kf8 34. Rb8 Bd3 35. Kf2 Bxe4 36. Nb5 Rb7 37. Rxe8+ Kxe8 38. Nxd6+ Ke7 39. Nxe4 a4 40. Nc3 a3 41. Ke2 Rb2+ 0-1

[Event "Florianopolis op 10th"]
[Site "Florianopolis"]
[Date "2024.01.25"]
[Round "7"]
[White "Do Valle Cardoso, Lucas"]
[Black "Coppola, Claudio"]
[Result "1-0"]
[WhiteElo "2392"]
[BlackElo "2250"]
[PlyCount "45"]
[EventDate "2024.01.20"]
[EventType "swiss"]
[EventRounds "10"]
[EventCountry "BRA"]
[SourceTitle "CBM 218 Extra"]
[Source "ChessBase"]
[SourceDate "2024.03.31"]
[SourceVersion "1"]
[SourceVersionDate "2024.03.31"]
[SourceQuality "1"]

1. e4 e5 2. Nf3 Nf6 3. Nxe5 d6 4. Nf3 Nxe4 5. c4 g6 6. Nc3 Nxc3 7. dxc3 Bg7 8. Bg5 f6 9. Be3 Nc6 10. h4 Bg4 11. Qb3 Bxf3 12. gxf3 Qd7 13. Qxb7 0-0 14. 0-0-0 a6 15. c5 Rfb8 16. Bc4+ Kh8 17. Rxd6 Rxb7 18. Rxd7 Rab8 19. Rhd1 Rxb2 20. Bb3 Re2 21. Rxc7 Ne5 22. f4 Nf3 23. Rdd7 1-0

[Event "Maldonado IM 3rd"]
[Site "Maldonado"]
[Date "2023.12.07"]
[Round "6"]
[White "Coppola, Claudio"]
[Black "Hoffman, Alejandro"]
[Result "0-1"]
[WhiteElo "2272"]
[BlackElo "2354"]
[PlyCount "86"]
[EventDate "2023.12.04"]
[EventType "tourn"]
[EventRounds "9"]
[EventCountry "URU"]
[EventCategory "1"]
[SourceTitle "CBM 217 Extra"]
[Source "ChessBase"]
[SourceDate "2024.01.31"]
[SourceVersion "1"]
[SourceVersionDate "2024.01.31"]
[SourceQuality "1"]

1. d4 d6 2. e4 Nf6 3. Nc3 e5 4. dxe5 dxe5 5. Qxd8+ Kxd8 6. Bc4 Be6 7. Bxe6 fxe6 8. Nf3 Bd6 9. 0-0 a6 10. Rd1 Ke7 11. b3 b5 12. Bb2 Nc6 13. a3 Rhg8 14. Na2 g5 15. Nb4 Nxb4 16. axb4 Nd7 17. Bc3 g4 18. Ne1 c5 19. bxc5 Nxc5 20. Nd3 Nd7 21. Bb4 Bxb4 22. Nxb4 Rgc8 23. Ra2 Nc5 24. Rda1 Nxe4 25. Rxa6 Rxa6 26. Rxa6 h5 27. Ra5 Nc3 28. g3 Ne2+ 29. Kg2 Nd4 30. h4 e4 31. Kf1 Kf6 32. Ke1 Rc3 33. Kd1 e3 34. fxe3 Rxe3 35. Ra8 Rxg3 36. Rf8+ Kg7 37. Rd8 Rg1+ 38. Kd2 Nf3+ 39. Ke3 Nxh4 40. Kf4 Rf1+ 41. Kg5 Nf3+ 42. Kxh5 g3 43. Rd7+ Kf6 0-1

[Event "URU-chT"]
[Site "Montevideo"]
[Date "2023.07.22"]
[Round "3.2"]
[White "Coppola, Claudio"]
[Black "Larrea, Daniela"]
[Result "1-0"]
[WhiteElo "2254"]
[BlackElo "1687"]
[PlyCount "79"]
[EventDate "2023.07.21"]
[EventType "team-tourn"]
[EventRounds "5"]
[EventCountry "URU"]
[SourceTitle "CBM 215 Extra"]
[Source "ChessBase"]
[SourceDate "2023.09.30"]
[SourceVersion "1"]
[SourceVersionDate "2023.09.30"]
[SourceQuality "1"]
[WhiteTeam "Banco Republica"]
[BlackTeam "Olimpiada 2024"]
[WhiteTeamCountry "URU"]
[BlackTeamCountry "URU"]

1. d4 d5 2. c4 e6 3. Nf3 f5 4. g3 Nf6 5. Bg2 c6 6. 0-0 Be7 7. b3 0-0 8. Ba3 Bxa3 9. Nxa3 Qa5 10. Nc2 dxc4 11. bxc4 Nbd7 12. Ng5 Nb6 13. Ne3 h6 14. Nf3 f4 15. gxf4 Nh5 16. c5 Nd5 17. Nxd5 exd5 18. e3 Qd8 19. Ne5 Nf6 20. Qb3 Kh7 21. Qc2+ Kg8 22. Rab1 Qe8 23. Kh1 Qh5 24. Qg6 Qxg6 25. Nxg6 Rf7 26. Nh4 Ne4 27. Bxe4 dxe4 28. Ng6 Be6 29. Rb2 Bc4 30. Rg1 Ba6 31. Ne5 Rf6 32. Rg3 Kh7 33. f3 exf3 34. Rxf3 Re8 35. f5 Kg8 36. e4 g6 37. Rg2 g5 38. h4 Re7 39. hxg5 hxg5 40. Rxg5+ 1-0